| 000 | 00702nam a2200205 a 4500 | ||
|---|---|---|---|
| 082 | 0 | 0 |
_a624.1834 _bDES _cL-39, P-184 |
| 245 | 0 | 0 |
_aDesigning concrete structures for serviceability and safety / _cEdward G. Nawy, Andrew Scanlon, editors.. |
| 260 |
_aDetroit : _bAmerican Concrete Institute, _cc1992. |
||
| 300 |
_avi, 346 p. : _bill. ; _c23 cm. |
||
| 490 | 1 | _aSP ; | |
| 526 |
_a0 _b0 _c0 _d624_183400000000000_DES |
||
| 650 | 0 | _aConcrete construction. | |
| 650 | 0 |
_aMCE _9379 |
|
| 650 | 0 |
_aReliability (Engineering) _93507 |
|
| 650 | 0 | _aStructural design. | |
| 700 | 1 |
_aNawy, Edward G. _923340 |
|
| 700 | 1 |
_aScanlon, Andrew. _943215 |
|
| 710 | 2 |
_aAmerican Concrete Institute. _937057 |
|
| 942 |
_2ddc _cBK |
||
| 999 |
_c547019 _d547019 |
||